[Event "ESP-chT CECLUB Honor"]
[Site "Linares"]
[Date "2019.10.01"]
[Round "2.1"]
[White "Ortega Hermida, Daniel"]
[Black "Moreno Tejera, Emilio"]
[Result "0-1"]
[WhiteElo "2341"]
[BlackElo "2427"]
[PlyCount "80"]
[EventDate "2019.09.30"]
[EventType "team-tourn"]
[EventRounds "7"]
[EventCountry "ESP"]
[SourceTitle "EXT 2020"]
[Source "ChessBase"]
[SourceDate "2019.10.17"]
[SourceVersion "1"]
[SourceVersionDate "2019.10.17"]
[SourceQuality "1"]
[WhiteTeam "Santa Lucia Grandama"]
[BlackTeam "Extremadura Magic"]
[WhiteTeamCountry "ESP"]
[BlackTeamCountry "ESP"]

1. e4 c5 2. Nf3 d6 3. d4 cxd4 4. Nxd4 Nf6 5. Nc3 Nc6 6. Bg5 e6 7. Qd2 Be7 8. 0-0-0 a6 9. f3 Nxd4 10. Qxd4 0-0 11. h4 b5 12. Kb1 Bb7 13. Qd2 Rc8 14. Ne2 Qc7 15. Nd4 Rfd8 16. Bd3 Kf8 17. Qe1 Nd7 18. Bxe7+ Kxe7 19. f4 Nc5 20. h5 Kf8 21. h6 g6 22. Rc1 e5 23. Nf3 f6 24. Qh4 Qe7 25. Rhf1 Kg8 26. Rce1 Rf8 27. Nh2 exf4 28. Qxf4 Rce8 29. Nf3 Bxe4 30. Bxe4 Nxe4 31. Rd1 f5 32. Rfe1 b4 33. Ka1 Qf6 34. Nd4 d5 35. Qf3 a5 36. Qb3 Rd8 37. Nf3 Qc6 38. Rd4 Rfe8 39. Kb1 Nc5 40. Rxe8+ Qxe8 0-1

[Event "Liga Insular Gran Canaria Preferente"]
[Site "Las Palmas"]
[Date "2019.05.18"]
[Round "7.1"]
[White "Garcia Blanco, Omar"]
[Black "Ortega Hermida, Daniel"]
[Result "1/2-1/2"]
[WhiteElo "2330"]
[BlackElo "2330"]
[PlyCount "20"]
[EventDate "2019.03.02"]
[EventType "team-tourn"]
[EventRounds "9"]
[EventCountry "ESP"]
[SourceTitle "EXT 2021"]
[Source "ChessBase"]
[SourceDate "2020.10.23"]
[SourceVersion "1"]
[SourceVersionDate "2020.10.23"]
[SourceQuality "1"]
[WhiteTeam "Hotel Avda de Canarias"]
[BlackTeam "Grandama"]
[WhiteTeamCountry "ESP"]
[BlackTeamCountry "ESP"]

1. e4 e5 2. Nc3 Nf6 3. Bc4 Nc6 4. d3 Na5 5. Qf3 Nxc4 6. dxc4 h6 7. Nge2 d6 8. h3 Be6 9. b3 g6 10. Ba3 Nd7 1/2-1/2

[Event "ESP-chT CECLUB Div1"]
[Site "Linares"]
[Date "2018.08.07"]
[Round "2.2"]
[White "Ortega Hermida, Daniel"]
[Black "Gonzalez Laso, Adrian"]
[Result "1-0"]
[WhiteElo "2334"]
[BlackElo "2168"]
[PlyCount "71"]
[EventDate "2018.08.06"]
[EventType "team-tourn"]
[EventRounds "7"]
[EventCountry "ESP"]
[SourceTitle "CBM 185 Extra"]
[Source "ChessBase"]
[SourceDate "2018.07.29"]
[SourceVersion "1"]
[SourceVersionDate "2018.07.29"]
[SourceQuality "1"]
[WhiteTeam "Santa Lucia Grandama"]
[BlackTeam "Solvay II"]
[WhiteTeamCountry "ESP"]
[BlackTeamCountry "ESP"]

1. e4 c5 2. Nf3 Nc6 3. d4 cxd4 4. Nxd4 Nf6 5. Nc3 e5 6. Ndb5 d6 7. Bg5 a6 8. Na3 b5 9. Bxf6 gxf6 10. Nd5 Bg7 11. g3 f5 12. Bg2 f4 13. c4 b4 14. Nb1 Rb8 15. Nd2 0-0 16. 0-0 Ne7 17. Qh5 Nxd5 18. cxd5 f5 19. Bh3 fxg3 20. hxg3 f4 21. Bf5 Bxf5 22. exf5 Rf6 23. Ne4 Rh6 24. Qg4 Kh8 25. Kg2 Qa5 26. Rfd1 Rg8 27. Qf3 Rf8 28. g4 Rh4 29. Rh1 Rxh1 30. Rxh1 Kg8 31. a3 bxa3 32. bxa3 h6 33. f6 Bxf6 34. Rxh6 Kg7 35. g5 Bxg5 36. Rxd6 1-0

[Event "Las Palmas Insular-chT Honor 1718"]
[Site "Las Palmas"]
[Date "2017.11.11"]
[Round "2.2"]
[White "Barlov, Dragan"]
[Black "Ortega Hermida, Daniel"]
[Result "0-1"]
[WhiteElo "2420"]
[BlackElo "2321"]
[PlyCount "146"]
[EventDate "2017.10.28"]
[EventType "team-tourn"]
[EventRounds "9"]
[EventCountry "ESP"]
[SourceTitle "EXT 2019"]
[Source "ChessBase"]
[SourceDate "2018.10.10"]
[SourceVersion "1"]
[SourceVersionDate "2018.10.10"]
[SourceQuality "1"]
[WhiteTeam "Villa de Teror"]
[BlackTeam "Grandama"]
[WhiteTeamCountry "ESP"]
[BlackTeamCountry "ESP"]

1. Nf3 Nf6 2. c4 e6 3. g3 d5 4. Bg2 Be7 5. 0-0 0-0 6. d4 dxc4 7. Qc2 b5 8. a4 b4 9. Qxc4 Ba6 10. Qc2 Nd5 11. Rd1 b3 12. Qxb3 Bxe2 13. Rd2 Bxf3 14. Qxf3 Nc6 15. Nc3 Ncb4 16. Qe2 c6 17. Rd1 a5 18. Ne4 Rb8 19. h4 h6 20. Bd2 Qb6 21. Bc3 Rfe8 22. Rdc1 Rbd8 23. Nd2 c5 24. Nc4 Qa6 25. dxc5 Bxc5 26. Bxb4 Nxb4 27. Rd1 Bd4 28. Rac1 Rd7 29. Kh2 Red8 30. f4 Qa7 31. b3 Bf6 32. Rxd7 Rxd7 33. Rd1 Rxd1 34. Qxd1 Qc7 35. Qf3 Bd8 36. Qe4 Nd5 37. Qd4 Nf6 38. Bf3 h5 39. Qd6 Qxd6 40. Nxd6 Kf8 41. Nc4 g6 42. Kg2 Nd7 43. Kf2 Bc7 44. Ke3 e5 45. f5 gxf5 46. Bxh5 Nc5 47. Bd1 Ke7 48. Bc2 Kf6 49. Kf2 Ne6 50. Kg2 Nd4 51. Bd1 e4 52. Ne3 Bd6 53. Nd5+ Ke6 54. Ne3 f4 55. gxf4 Bxf4 56. Nc4 Bc7 57. Kf2 f5 58. Ke3 Kd5 59. h5 f4+ 60. Kf2 e3+ 61. Kg2 Ke4 62. h6 f3+ 63. Bxf3+ Nxf3 64. h7 Nh4+ 65. Kf1 Ng6 66. Ke2 Bf4 67. Nxa5 Be5 68. Nc4 Nf4+ 69. Kd1 e2+ 70. Kd2 Bc3+ 71. Kxc3 e1Q+ 72. Nd2+ Ke3 73. h8Q Qa1+ 0-1

[Event "Las Palmas Insular-chT Honor 1718"]
[Site "Las Palmas"]
[Date "2017.10.28"]
[Round "1.2"]
[White "Ortega Hermida, Daniel"]
[Black "Garcia Blanco, Omar"]
[Result "0-1"]
[WhiteElo "2321"]
[BlackElo "2243"]
[PlyCount "106"]
[EventDate "2017.10.28"]
[EventType "team-tourn"]
[EventRounds "9"]
[EventCountry "ESP"]
[SourceTitle "EXT 2019"]
[Source "ChessBase"]
[SourceDate "2018.10.10"]
[SourceVersion "1"]
[SourceVersionDate "2018.10.10"]
[SourceQuality "1"]
[WhiteTeam "Grandama"]
[BlackTeam "Hotel Avda de Canarias"]
[WhiteTeamCountry "ESP"]
[BlackTeamCountry "ESP"]

1. e4 c5 2. Nf3 e6 3. d4 cxd4 4. Nxd4 Nc6 5. Be2 Qc7 6. 0-0 Nf6 7. Nc3 a6 8. Be3 Be7 9. f4 d6 10. Kh1 0-0 11. Qe1 Nxd4 12. Bxd4 b5 13. a3 Bb7 14. Qg3 Rad8 15. Rae1 Rd7 16. Bd3 Re8 17. Qh3 e5 18. Be3 Qd8 19. Rf3 Bf8 20. fxe5 dxe5 21. Bg5 Be7 22. Nd5 Bxd5 23. exd5 e4 24. Bxf6 exd3 25. Bc3 dxc2 26. Qf5 Bf6 27. Rxe8+ Qxe8 28. Qxc2 Bxc3 29. Qxc3 Rxd5 30. Rf1 Re5 31. h3 h6 32. Kg1 Re2 33. Rf2 Re3 34. Qd4 Qe6 35. Qf4 Re4 36. Qb8+ Kh7 37. Qc7 f5 38. Qc5 Re5 39. Qd4 Rd5 40. Qf4 g5 41. Qc7+ Kg6 42. Rc2 Rd6 43. Qc5 f4 44. Kf2 Rd5 45. Qc6 Rd2+ 46. Kf3 Rd3+ 47. Kf2 Rd6 48. Qc5 Kh5 49. Re2 Qf6 50. Rc2 Rd3 51. Re2 f3 52. g4+ Kh4 53. Re3 Rd2+ 0-1

[Event "Gran Canaria Dominguez Memorial 3rd"]
[Site "Gran Canaria"]
[Date "2016.05.26"]
[Round "4"]
[White "Ortega Hermida, Daniel"]
[Black "Vega Gutierrez, Belinda Vidina"]
[Result "1-0"]
[WhiteElo "2329"]
[BlackElo "2158"]
[PlyCount "123"]
[EventDate "2016.05.17"]
[EventType "swiss"]
[EventRounds "7"]
[EventCountry "ESP"]
[SourceTitle "CBM 172 Extra"]
[Source "ChessBase"]
[SourceDate "2016.06.21"]
[SourceVersion "1"]
[SourceVersionDate "2016.06.21"]
[SourceQuality "1"]

1. Nf3 Nf6 2. c4 c5 3. g3 g6 4. b3 Bg7 5. Bb2 0-0 6. Bg2 Nc6 7. 0-0 d6 8. d3 Bd7 9. e3 a6 10. Nc3 Rb8 11. Qd2 b5 12. Nd5 e6 13. Nxf6+ Bxf6 14. h4 Bxb2 15. Qxb2 a5 16. Ng5 Qe7 17. Ne4 f5 18. cxb5 Rxb5 19. Nc3 Rbb8 20. Qd2 Qf6 21. Rac1 Rb4 22. d4 cxd4 23. Nd5 exd5 24. Bxd5+ Rf7 25. Bxc6 Bxc6 26. Rxc6 dxe3 27. Qxe3 f4 28. Qc3 fxg3 29. Qxf6 Rxf6 30. fxg3 Rxf1+ 31. Kxf1 a4 32. Rc4 Rxc4 33. bxc4 Kf7 34. Ke2 Ke6 35. Kd3 Ke5 36. a3 h6 37. Ke3 g5 38. Kd3 gxh4 39. gxh4 h5 40. Ke3 Kf5 41. Kd4 Kg4 42. Kd5 Kxh4 43. Kxd6 Kg3 44. c5 h4 45. c6 h3 46. c7 h2 47. c8Q h1Q 48. Qg8+ Kf4 49. Qf7+ Kg3 50. Qg7+ Kf2 51. Qd4+ Ke2 52. Qxa4 Qh6+ 53. Kc7 Kd3 54. Qb5+ Kc3 55. Qb4+ Kd3 56. a4 Qg7+ 57. Kb6 Qf6+ 58. Ka5 Qh6 59. Qb6 Qd2+ 60. Ka6 Ke4 61. a5 Ke5 62. Qc7+ 1-0

[Event "Las Palmas Insular-chT Pref"]
[Site "Las Palmas"]
[Date "2013.02.16"]
[Round "9.2"]
[White "Ortega Hermida, Daniel"]
[Black "Natalicchio Escalante, Ricardo Nicolas"]
[Result "1-0"]
[WhiteElo "2379"]
[BlackElo "2195"]
[PlyCount "43"]
[EventDate "2012.11.10"]
[EventType "team-tourn"]
[EventRounds "14"]
[EventCountry "ESP"]
[SourceTitle "EXT 2014"]
[Source "ChessBase"]
[SourceDate "2013.11.20"]
[SourceVersion "1"]
[SourceVersionDate "2013.11.20"]
[SourceQuality "1"]
[WhiteTeam "Canarias de Las Palmas"]
[BlackTeam "Hispafrica"]
[WhiteTeamCountry "ESP"]
[BlackTeamCountry "ESP"]

1. d4 Nf6 2. c4 e6 3. Nc3 d5 4. cxd5 Nxd5 5. e4 Nxc3 6. bxc3 c5 7. a3 cxd4 8. cxd4 Be7 9. Nf3 0-0 10. Bd3 b6 11. Qe2 Bb7 12. Bb2 Nd7 13. h4 Re8 14. Rh3 Rc8 15. Kf1 Qc7 16. Qe3 Nf6 17. Ng5 h6 18. e5 hxg5 19. hxg5 Ne4 20. Bxe4 Bxe4 21. Qxe4 Qc2 22. Qh4 1-0

[Event "Las Palmas Insular-chT Pref"]
[Site "Las Palmas"]
[Date "2013.01.12"]
[Round "5.2"]
[White "Ortega Hermida, Daniel"]
[Black "Cruz Pino, Adrian"]
[Result "1-0"]
[WhiteElo "2379"]
[BlackElo "1994"]
[PlyCount "35"]
[EventDate "2012.11.10"]
[EventType "team-tourn"]
[EventRounds "14"]
[EventCountry "ESP"]
[SourceTitle "EXT 2014"]
[Source "ChessBase"]
[SourceDate "2013.11.20"]
[SourceVersion "1"]
[SourceVersionDate "2013.11.20"]
[SourceQuality "1"]
[WhiteTeam "Canarias de Las Palmas"]
[BlackTeam "Casa Museo El Patio"]
[WhiteTeamCountry "ESP"]
[BlackTeamCountry "ESP"]

1. d4 d6 2. e4 g6 3. Nc3 Bg7 4. Be3 c6 5. h3 Nd7 6. f4 Qb6 7. Qd2 Qxb2 8. Rb1 Qa3 9. Nf3 Qa5 10. Bd3 e6 11. 0-0 Ne7 12. Nb5 Qxd2 13. Nxd6+ Kf8 14. Bxd2 b6 15. c3 h6 16. Ne5 f6 17. Nxc8 Nxc8 18. Nxg6+ 1-0

[Event "Las Palmas Insular-chT Pref"]
[Site "Las Palmas"]
[Date "2012.11.10"]
[Round "1.2"]
[White "Ortega Hermida, Daniel"]
[Black "Lopez Colon, Francisco"]
[Result "1-0"]
[WhiteElo "2379"]
[BlackElo "2093"]
[PlyCount "83"]
[EventDate "2012.11.10"]
[EventType "team-tourn"]
[EventRounds "14"]
[EventCountry "ESP"]
[SourceTitle "EXT 2014"]
[Source "ChessBase"]
[SourceDate "2013.11.20"]
[SourceVersion "1"]
[SourceVersionDate "2013.11.20"]
[SourceQuality "1"]
[WhiteTeam "Canarias de Las Palmas"]
[BlackTeam "Villa de Teror"]
[WhiteTeamCountry "ESP"]
[BlackTeamCountry "ESP"]

1. d4 Nf6 2. c4 e6 3. Nc3 Bb4 4. Qc2 c5 5. dxc5 Na6 6. a3 Bxc3+ 7. Qxc3 Nxc5 8. b4 Nce4 9. Qb2 Nd6 10. c5 Nc4 11. Qc2 d5 12. cxd6 Nxd6 13. Bb2 Bd7 14. Rd1 Rc8 15. Qb3 Qc7 16. Be5 Qc4 17. Qb2 Nde4 18. f3 Ba4 19. Ra1 0-0 20. e3 Qd5 21. fxe4 Qxe4 22. Qd4 Qc2 23. Bxf6 gxf6 24. Bd3 Qxg2 25. Qe4 Qxe4 26. Bxe4 Rc3 27. Kf2 f5 28. Ne2 Rc7 29. Rhg1+ Kh8 30. Bb1 Rd8 31. Ra2 Rcd7 32. Rc1 Rd2 33. Rxd2 Rxd2 34. Ke1 Rb2 35. Bd3 Bc6 36. Rc3 Kg7 37. Bc2 Bd5 38. Nf4 Bc6 39. Kd1 Ra2 40. Kc1 Ra1+ 41. Bb1 Be4 42. Nd3 1-0

[Event "ESP-ch 77th"]
[Site "San Agustin"]
[Date "2012.10.02"]
[Round "4"]
[White "Ortega Hermida, Daniel"]
[Black "Lopez Colon, Francisco"]
[Result "1-0"]
[WhiteElo "2392"]
[BlackElo "2093"]
[PlyCount "37"]
[EventDate "2012.09.29"]
[EventType "swiss"]
[EventRounds "9"]
[EventCountry "ESP"]
[SourceTitle "CBM 150 Extra"]
[Source "ChessBase"]
[SourceDate "2012.10.19"]
[SourceVersion "1"]
[SourceVersionDate "2012.10.19"]
[SourceQuality "1"]

1. d4 Nf6 2. c4 e6 3. Nc3 Bb4 4. Qc2 0-0 5. a3 Bxc3+ 6. Qxc3 Ne4 7. Qc2 f5 8. Nh3 b6 9. f3 Nf6 10. e3 Bb7 11. Be2 c5 12. dxc5 bxc5 13. 0-0 Nc6 14. b3 Qb6 15. Bb2 Na5 16. Rab1 Rab8 17. Kh1 Bc6 18. b4 cxb4 19. axb4 1-0

[Event "Las Palmas Insular-chT Pref"]
[Site "Las Palmas"]
[Date "2012.03.10"]
[Round "12.1"]
[White "Ortega Hermida, Daniel"]
[Black "Sarmiento Afonso, Santiago"]
[Result "1-0"]
[WhiteElo "2383"]
[BlackElo "2183"]
[PlyCount "71"]
[EventDate "2011.11.12"]
[EventType "team-tourn"]
[EventRounds "14"]
[EventCountry "ESP"]
[SourceTitle "EXT 2013"]
[Source "ChessBase"]
[SourceDate "2012.11.22"]
[SourceVersion "1"]
[SourceVersionDate "2012.11.22"]
[SourceQuality "1"]
[WhiteTeam "Canarias de Las Palmas"]
[BlackTeam "Piscolabis Oleaje San Andres"]
[WhiteTeamCountry "ESP"]
[BlackTeamCountry "ESP"]

1. d4 Nf6 2. c4 e6 3. Nc3 d5 4. cxd5 exd5 5. Bg5 Be7 6. e3 0-0 7. Bd3 h6 8. Bh4 c6 9. Qc2 Qa5 10. Nge2 Na6 11. Qd1 Nc7 12. 0-0 Nce8 13. f3 c5 14. Kh1 g5 15. Bf2 Ng7 16. a3 c4 17. Bc2 Bf5 18. Bxf5 Nxf5 19. e4 Ng7 20. Be1 Qd8 21. b3 b5 22. bxc4 bxc4 23. Qa4 Ne6 24. Rd1 Re8 25. e5 Nh5 26. g3 Nhg7 27. Bd2 f6 28. f4 fxe5 29. fxe5 Rf8 30. g4 Nc7 31. Ng3 Qc8 32. Qc6 Bxa3 33. Nf5 Nce6 34. Qxd5 Rd8 35. Nxh6+ Kh7 36. Qe4+ 1-0

[Event "Las Palmas Insular-chT Pref"]
[Site "Las Palmas"]
[Date "2012.02.25"]
[Round "10.2"]
[White "Herrera Reyes, Jose Antonio"]
[Black "Ortega Hermida, Daniel"]
[Result "1/2-1/2"]
[WhiteElo "2216"]
[BlackElo "2383"]
[PlyCount "58"]
[EventDate "2011.11.12"]
[EventType "team-tourn"]
[EventRounds "14"]
[EventCountry "ESP"]
[SourceTitle "EXT 2013"]
[Source "ChessBase"]
[SourceDate "2012.11.22"]
[SourceVersion "1"]
[SourceVersionDate "2012.11.22"]
[SourceQuality "1"]
[WhiteTeam "Canarias Vecindario"]
[BlackTeam "Canarias de Las Palmas"]
[WhiteTeamCountry "ESP"]
[BlackTeamCountry "ESP"]

1. e4 c5 2. Nf3 e6 3. c3 Nf6 4. e5 Nd5 5. d4 cxd4 6. cxd4 d6 7. Nc3 Nxc3 8. bxc3 Qc7 9. Bd2 Bd7 10. Bd3 Bc6 11. 0-0 Nd7 12. Re1 dxe5 13. dxe5 Be7 14. Nd4 Nc5 15. Bc2 0-0-0 16. Qe2 a6 17. Rab1 Rd5 18. f4 g6 19. Be3 g5 20. c4 Rxd4 21. Bxd4 gxf4 22. Qg4 f3 23. g3 h5 24. Qf4 h4 25. g4 Rg8 26. h3 f5 27. Bf2 Qa5 28. Rbd1 Qxa2 29. Bb1 Qb3 1/2-1/2

[Event "Gran Canaria Santana Memorial 1st"]
[Site "Gran Canaria"]
[Date "2012.02.14"]
[Round "2"]
[White "Sanchez Quintero, Raul"]
[Black "Ortega Hermida, Daniel"]
[Result "1/2-1/2"]
[WhiteElo "2042"]
[BlackElo "2383"]
[PlyCount "32"]
[EventDate "2012.02.13"]
[EventType "swiss"]
[EventRounds "7"]
[EventCountry "ESP"]
[SourceTitle "CBM 146 Extra"]
[Source "ChessBase"]
[SourceDate "2012.02.29"]
[SourceVersion "1"]
[SourceVersionDate "2012.02.29"]
[SourceQuality "1"]

1. e4 c5 2. Nf3 e6 3. d4 cxd4 4. Nxd4 a6 5. Nc3 b5 6. Bd3 d6 7. 0-0 Nf6 8. Kh1 Bb7 9. a3 Nbd7 10. f4 Be7 11. Qe1 Qc7 12. Qg3 g6 13. Nf3 Nc5 14. e5 Nfd7 15. Bd2 0-0 16. Rae1 Bxf3 1/2-1/2

[Event "Las Palmas Insular-chT Pref"]
[Site "Las Palmas"]
[Date "2012.02.04"]
[Round "8.2"]
[White "Angel Acosta, Juan Carlos"]
[Black "Ortega Hermida, Daniel"]
[Result "1/2-1/2"]
[WhiteElo "2208"]
[BlackElo "2383"]
[PlyCount "74"]
[EventDate "2011.11.12"]
[EventType "team-tourn"]
[EventRounds "14"]
[EventCountry "ESP"]
[SourceTitle "EXT 2013"]
[Source "ChessBase"]
[SourceDate "2012.11.22"]
[SourceVersion "1"]
[SourceVersionDate "2012.11.22"]
[SourceQuality "1"]
[WhiteTeam "Real Club Victoria"]
[BlackTeam "Canarias de Las Palmas"]
[WhiteTeamCountry "ESP"]
[BlackTeamCountry "ESP"]

1. d4 Nf6 2. Nf3 c5 3. c3 Qc7 4. g3 b6 5. Bg2 Bb7 6. 0-0 d6 7. Re1 Nbd7 8. a4 a6 9. Nbd2 e6 10. e4 cxd4 11. cxd4 Be7 12. b3 0-0 13. Ba3 Rac8 14. e5 Nd5 15. Nc4 dxe5 16. Bxe7 Nxe7 17. dxe5 Bd5 18. Rc1 Qb8 19. Qd3 h6 20. Nfd2 b5 21. axb5 axb5 22. Na3 Rxc1 23. Rxc1 b4 24. Nac4 Nxe5 25. Nxe5 Qxe5 26. Nc4 Qb8 27. Bxd5 Nxd5 28. Ra1 Rd8 29. Qf3 Ne7 30. Ra5 Nd5 31. Kg2 Qb7 32. h4 Ra8 33. Rc5 Ra1 34. Kh2 Ra2 35. Kg1 Qb8 36. Rc6 Ra7 37. Rc5 Ra1+ 1/2-1/2

[Event "Las Palmas Insular-chT Pref"]
[Site "Las Palmas"]
[Date "2011.12.17"]
[Round "4.1"]
[White "Ortega Hermida, Daniel"]
[Black "Gonzalez Intelangelo, Gerardo"]
[Result "1-0"]
[WhiteElo "2383"]
[BlackElo "2048"]
[PlyCount "81"]
[EventDate "2011.11.12"]
[EventType "team-tourn"]
[EventRounds "14"]
[EventCountry "ESP"]
[SourceTitle "EXT 2013"]
[Source "ChessBase"]
[SourceDate "2012.11.22"]
[SourceVersion "1"]
[SourceVersionDate "2012.11.22"]
[SourceQuality "1"]
[WhiteTeam "Canarias de Las Palmas"]
[BlackTeam "Casa Museo El Patio"]
[WhiteTeamCountry "ESP"]
[BlackTeamCountry "ESP"]

1. d4 e6 2. c4 f5 3. g3 Nf6 4. Bg2 Be7 5. Nf3 0-0 6. 0-0 d6 7. b3 Qe8 8. Nc3 Nc6 9. Bb2 a5 10. e3 e5 11. Nb5 Bd8 12. d5 Na7 13. Nc3 b5 14. Nd2 Bd7 15. Rc1 b4 16. Ne2 c5 17. e4 fxe4 18. Nxe4 Nxe4 19. Bxe4 Bh3 20. Qd3 Qh5 21. Bg2 Bg4 22. Rce1 Bf5 23. Be4 Bh3 24. Bg2 Bf5 25. Be4 Bh3 26. Bg2 Bf5 27. Qd2 Bg5 28. f4 Bh6 29. Qd1 e4 30. Nc1 Qg6 31. Re3 Rae8 32. h3 Re7 33. Ne2 Qe8 34. g4 Bd7 35. g5 Bxg5 36. fxg5 Rxf1+ 37. Qxf1 Qg6 38. Qf4 Rf7 39. Qg3 Nc8 40. Bxe4 Qh5 41. g6 1-0